Highest Grossing 1970s Movies - Statistics

General Stats
  • This quiz has been taken 29,301 times
  • The average score is 11 of 20
Answer Stats
Gross Summary Answer % Correct
$260 m Giant shark eats skinny dippers and people in small boats Jaws
99%
$307 m Galactic rebels must blow up a gigantic space station Star Wars
94%
$117 m Everyday thug gets a chance to fight the heavyweight champ Rocky
89%
$134 m College boy becomes head of a Mafia crime family The Godfather
89%
$193 m Priest must rid a girl of a demonic spirit The Exorcist
83%
$85 m Boxer gets a rematch against the champ Rocky II
81%
$160 m Musical kids of the 1950s enjoy dancing and drag racing Grease
72%
$108 m Psych ward inmates are tormented by an evil nurse One Flew Over the Cuckoo's Nest
65%
$106 m Couple go through an acrimonious divorce and custody battle Kramer vs. Kramer
53%
$120 m Evil dean wants to disband a rowdy fraternity Animal House
51%
$116 m UFOs are abducting people. If only there were some way to communicate with them ... Close Encounters of the Third Kind
48%
$134 m Hero must prevent villain from sinking California into the ocean Superman
48%
$116 m Oh no - the world's tallest building is on fire! The Towering Inferno
41%
$156 m Chicago grifters of the 1930s stage an elaborate con The Sting
35%
$115 m Teens cruise the strip in Modesto, California in the early 1960s American Graffiti
31%
$106 m For a couple from different class backgrounds, "Love means never having to say you're sorry" Love Story
31%
$127 m Trucker must evade cops to deliver Coors beer Smokey and the Bandit
27%
$100 m Chicago airport deals with a snowstorm and a bomber Airport
26%
$86 m Family moves into a house built on an Indian burial ground The Amityville Horror
20%
$120 m Old west gunslinger must battle criminals, Klansmen, and Nazis Blazing Saddles
13%
No matching quizzes found
Score Distribution
Percent of People with Each Score
Percentile by Number Answered
Your Score History
You have not taken this quiz